Normal view
MARC view
- The Muslim conquest--Persia
Entry Topical Term
001 - CONTROL NUMBER
- control field: 108426
003 - CONTROL NUMBER IDENTIFIER
- control field: NUST
005 - DATE AND TIME OF LATEST TRANSACTION
- control field: 20230201150432.0
008 - FIXED-LENGTH DATA ELEMENTS
- fixed length control field: 230201|| aca||aabn | a|a d
040 ## - CATALOGING SOURCE
- Original cataloging agency: NUST
- Transcribing agency: NUST
150 ## - HEADING--TOPICAL TERM
- Topical term or geographic name entry element: The Muslim conquest--Persia
670 ## - SOURCE DATA FOUND
- Source citation: Work cat.: (NUST)186948: Lt. Gen. A. I. Akram 56272, The Muslim conquest of Persia / , 2001
